000 00366nam a2200157Ia 4500
003 OSt
005 20240205103754.0
008 170523s9999 xx 000 0 und d
020 _a978-9327263398
040 _ciimt university meerut
100 _aSONTAKKI- CN
245 0 _aMARKETING MANAGEMENT
260 _bKALYANI PUBLICATION
260 _c1998
942 _2ddc
_c02
999 _c289
_d289